LDR 01089naa#a2200193#i#450# 001 RU\\bibl\110336 005 20260601113902.1 011 ## _a2312-7937 100 ## _a20251230b2025####ek#y0rusy0150####ca 102 ## _aRU 200 1# _aЭКСТРЕМИЗМ КАК СОЦИАЛЬНО-ПРАВОВОЕ ОПРЕДЕЛЕНИЕ В ЗАКОНОДАТЕЛЬНЫХ АКТАХ, ПРАВОПРИМЕНИТЕЛЬНОЙ ПРАКТИКЕ И ПОНИМАНИИ ГРАЖДАН _eЖурнальная статья 210 1# _aДомодедово _cВсероссийский институт повышения квалификации сотрудников Министерства внутренних дел Российской Федерации _d2025 215 ## _a4 с. 608 ## _aЖурнальная статья _2local 675 ## _aПраво. Юридические науки. 34 _z 700 #1 _aЕвсеев _gИван Валентинович 700 #1 _aКривенцов _gРодион Олегович 700 #1 _aБаулина _gАнна Александровна 856 4# _avipkmvd.editorum.ru _u